Top 10 GD Players - Statistics

General Stats
  • This quiz has been taken 10 times
  • The average score is 3 of 10
Answer Stats
Country Demonlist Score Player % Correct
United States 8386.88 Zoink
100%
United States 5246.33 wPopoff
70%
United States 4366.38 Trick
60%
United States 4656.68 Netermind
40%
Portugal 2535.12 Taiago
30%
New Zealand 3790.07 zLevii
20%
Finland 3035.29 kloone
10%
Spain 2975.96 eastshark
0%
United States 2741.60 Thnnder
0%
Russian Federation 2866.94 Vorten
0%
No matching quizzes found
Score Distribution
Percent of People with Each Score
Percentile by Number Answered
Your Score History
You have not taken this quiz